000 01048nam a22003497a 4500
001 0015119
003 KOHA_MİRAKIL
005 20260207002018.0
007 ta
008 100315b1997 tu |||gr||||#||||0|tur |
020 _a9755640517
_c0,01
040 _aTR-BiSEU
_btur
_cTR-BiSEU
_erda
041 0 _atur
044 _ctu
050 _aTA357
_b.U48 1997
100 1 _aUmur, Habib.
245 1 _aAkışkanlar mekaniği/
_cHabib Umur ; Habib Umur.
264 1 _aBursa :
_bUludağ Üniversitesi Güçlendirme Vakfı Yayını
_c1997
300 _a257 sayfa: resimli
336 _ametin
_btxt
_2rdacontent
337 _aaracısız
_bn
_2rdamedia
338 _acilt
_bnc
_2rdacarrier
490 1 _aYayın ;
_vno.
490 1 _a120.
490 1 _aAraştırma ve Uygulama Merkezi yayın No ;
_v121.
500 _aKaynakça ve dizin var.
650 0 _aAkışkanlar mekaniği.
_91497
830 1 _aYayın ;
_vno.
_91557
830 1 _a120.
_920566
830 1 _aAraştırma ve Uygulama Merkezi yayın No ;
_v121.
_935109
942 _2lcc
_cBK
999 _c15082
_d15082